| 000 | 00639cam a2200217 4500 | ||
|---|---|---|---|
| 008 | 090401t1989 xxu||||| |||| 00| 0 eng d | ||
| 020 | _a0854063242 | ||
| 035 | _a(Sirsi) u43347 | ||
| 041 | _aeng | ||
| 050 | _a333.0062 | ||
| 090 | _aRICS 1989/30 ABCD | ||
| 110 |
_aRoyal Institution of Chartered Surveyors _94900 |
||
| 245 | _aRoyal charter and bye-laws 1973. (Amended 1975, 1977, 1978, 1980, 1981, 1983, 1985, 1986 and 1988) | ||
| 250 | _aRev.ed. | ||
| 260 |
_aLondon _bSurveyors Publications _c1989 |
||
| 300 | _a70p. ; 21cm. | ||
| 350 | _a2.5 | ||
| 520 | _aAMENDED 1991 (RICS 1991/28). | ||
| 942 | _n0 | ||
| 948 | _c04/03/1997 | ||
| 999 |
_c91300 _d91300 |
||